[Event "VIE-chT (Women)"]
[Site "Ho Chi Minh City"]
[Date "2017.07.28"]
[Round "7.41"]
[White "Tran, Thi Kim Lien"]
[Black "Ly, Nguyen Ngoc Chau"]
[Result "0-1"]
[WhiteElo "1918"]
[BlackElo "1479"]
[PlyCount "76"]
[EventDate "2017.07.24"]
[EventType "team-swiss"]
[EventRounds "9"]
[EventCountry "VIE"]
[SourceTitle "EXT 2019"]
[Source "ChessBase"]
[SourceDate "2018.10.10"]
[SourceVersion "1"]
[SourceVersionDate "2018.10.10"]
[SourceQuality "1"]

1. e4 c5 2. Nf3 Nc6 3. d4 cxd4 4. Nxd4 g6 5. Nc3 Bg7 6. Be3 Nf6 7. Bc4 Qa5 8. f3 0-0 9. a3 Qb6 10. b4 a6 11. Qd3 Ne5 12. Qe2 Nxc4 13. Qxc4 Qd8 14. 0-0 d6 15. Qd3 Bd7 16. Rfd1 Rc8 17. Nce2 Qc7 18. Ng3 Qc4 19. Qxc4 Rxc4 20. Ra2 Ba4 21. Rc1 Rfc8 22. Bd2 Nd7 23. Nge2 Bxd4+ 24. Kh1 Bg7 25. c3 Ra8 26. h3 a5 27. g4 axb4 28. axb4 Ra6 29. Rca1 Bb5 30. Rxa6 bxa6 31. Ra3 Nb6 32. h4 Rc8 33. h5 Bxe2 34. Kg2 Nc4 35. Ra2 Nxd2 36. Rxd2 Bb5 37. hxg6 hxg6 38. Kf2 Rxc3 0-1

[Event "VIE-chT (Women)"]
[Site "Ho Chi Minh City"]
[Date "2017.07.26"]
[Round "5.40"]
[White "Bui, Kha Nhi"]
[Black "Ly, Nguyen Ngoc Chau"]
[Result "1-0"]
[WhiteElo "1910"]
[BlackElo "1479"]
[PlyCount "133"]
[EventDate "2017.07.24"]
[EventType "team-swiss"]
[EventRounds "9"]
[EventCountry "VIE"]
[SourceTitle "EXT 2019"]
[Source "ChessBase"]
[SourceDate "2018.10.10"]
[SourceVersion "1"]
[SourceVersionDate "2018.10.10"]
[SourceQuality "1"]

1. e4 c5 2. Nf3 Nc6 3. d4 cxd4 4. Nxd4 g6 5. Nc3 Bg7 6. Be3 Nf6 7. Bc4 Qa5 8. 0-0 0-0 9. a3 d6 10. f3 Qb6 11. Na4 Qa5 12. b4 Qc7 13. Bb3 a6 14. c4 Bd7 15. Rc1 Qd8 16. Nc3 Rc8 17. Qd2 Nxd4 18. Bxd4 Be6 19. Nd5 Nxd5 20. exd5 Bf5 21. Bxg7 Kxg7 22. Rfe1 Re8 23. Qd4+ Kg8 24. Re3 a5 25. Ba4 Bd7 26. Bxd7 Qxd7 27. bxa5 Qa4 28. Qb6 Qd7 29. Rb3 Ra8 30. Qxb7 Qxb7 31. Rxb7 Rxa5 32. Rb3 Rea8 33. Rcc3 Kg7 34. Kf2 Kf6 35. Ke3 e6 36. dxe6 Kxe6 37. Kd4 Ra4 38. Re3+ Kf6 39. Rb6 R8a6 40. Rxa6 Rxa6 41. h4 Ra5 42. g4 h6 43. Rb3 Ke6 44. f4 f6 45. Kc3 Kd7 46. Kb2 Kc6 47. Rd3 Ra7 48. Rd5 Rb7+ 49. Rb5 Rxb5+ 50. cxb5+ Kxb5 51. Kc3 Kc5 52. a4 d5 53. a5 g5 54. hxg5 hxg5 55. fxg5 fxg5 56. a6 Kb6 57. Kd4 Kxa6 58. Kxd5 Kb6 59. Ke5 Kc7 60. Kf6 Kd7 61. Kxg5 Ke7 62. Kg6 Kf8 63. Kh7 Kf7 64. g5 Ke6 65. g6 Kf5 66. g7 Ke4 67. g8Q 1-0

[Event "VIE-ch U07 Girls"]
[Site "Ho Chi Minh City"]
[Date "2014.07.17"]
[Round "7"]
[White "Ly, Nguyen Ngoc Chau"]
[Black "Huynh, Ngoc Nhu Y"]
[Result "1-0"]
[WhiteElo "1438"]
[BlackElo "1418"]
[PlyCount "77"]
[EventDate "2014.07.13"]
[EventType "swiss"]
[EventRounds "9"]
[EventCountry "VIE"]
[SourceTitle "EXT 2016"]
[Source "ChessBase"]
[SourceDate "2015.10.08"]
[SourceVersion "1"]
[SourceVersionDate "2015.10.08"]
[SourceQuality "1"]

1. e4 c5 2. Nf3 e6 3. Nc3 d5 4. exd5 exd5 5. Qe2+ Be7 6. Qe5 Nc6 7. Qxg7 Bf6 8. Qg3 Qe7+ 9. Be2 d4 10. Nd5 Qd8 11. Nf4 Bf5 12. 0-0 Be7 13. Re1 a6 14. Bc4 b5 15. Qg7 bxc4 16. Qxh8 Kd7 17. Qg7 Qe8 18. Nd5 Kc8 19. Nb6+ Kb8 20. Nxa8 Kxa8 21. Qg5 Bxc2 22. Qxc5 Qd7 23. Qb6 Nb4 24. d3 cxd3 25. a3 Qa4 26. Bf4 Nc6 27. Qc7 Bd8 28. Qc8+ Ka7 29. Ne5 Nge7 30. Qd7+ Ka8 31. Nxc6 Nxc6 32. Re8 Qa5 33. b4 Qb6 34. Bg5 Nb8 35. Bxd8 Nxd7 36. Bxb6+ Kb7 37. Bxd4 d2 38. Rae1 dxe1Q+ 39. Rxe1 1-0

[Event "VIE-ch U07 Girls"]
[Site "Ho Chi Minh City"]
[Date "2014.07.13"]
[Round "2"]
[White "Nguyen, Hoang Thai Ngoc"]
[Black "Ly, Nguyen Ngoc Chau"]
[Result "1-0"]
[WhiteElo "1430"]
[BlackElo "1438"]
[PlyCount "55"]
[EventDate "2014.07.13"]
[EventType "swiss"]
[EventRounds "9"]
[EventCountry "VIE"]
[SourceTitle "EXT 2016"]
[Source "ChessBase"]
[SourceDate "2015.10.08"]
[SourceVersion "1"]
[SourceVersionDate "2015.10.08"]
[SourceQuality "1"]

1. e4 e5 2. Nf3 Nc6 3. Bc4 Bc5 4. Nc3 Nf6 5. 0-0 0-0 6. d3 d6 7. Bg5 Bg4 8. h3 Bh5 9. Nd5 Kh8 10. Nxf6 gxf6 11. Bh4 Rg8 12. g4 h6 13. Kh2 Bg6 14. Qd2 Kh7 15. g5 Bh5 16. g6+ Rxg6 17. Bxf7 Bxf3 18. Bxg6+ Kxg6 19. Rg1+ Kh7 20. Rg3 Qe8 21. Bxf6 Qh5 22. Rg7+ Kh8 23. Rg5+ Kh7 24. Rxh5 Bxh5 25. Rg1 Rg8 26. Rxg8 Kxg8 27. Qxh6 Bf3 28. Qg7# 1-0